| 000 | 00796nam a2200265 c 4500 | ||
|---|---|---|---|
| 003 | BLK | ||
| 005 | 20180420220949.0 | ||
| 008 | 180408b bul|||||r ||||||| ||bul|| | ||
| 010 | _aKNG00040194000 | ||
| 020 |
_a0-13-155284-8 _bиздат.: Prentice Hall |
||
| 040 | _aBLK | ||
| 041 |
_aENG _cENG |
||
| 080 |
_aАнглийски език _b811.111 _x(072) _z811.111(072) |
||
| 100 | 1 |
_aWeir, Cyril J. _eпърви автор _927830 |
|
| 139 |
_aWeir, Cyril J. _b |
||
| 245 | 1 | 0 |
_aComunicative Language Testing _cCyril J. Weir. |
| 260 |
_аNew York et al. _bPrentice Hall _c1990 |
||
| 300 |
_aX c., 218 c. _c23 cm |
||
| 490 | 1 | _aLanguage Teaching Methodology Series | |
| 852 | _aЦб 169897 | ||
| 856 | 4 |
_qpdf _u |
|
| 856 | 4 |
_qpdf _u |
|
| 942 |
_cKNG _n0 |
||
| 944 |
_aCR _c15.01.2003 _kAB_DOS |
||
| 944 |
_aED _c15.01.2003 _k |
||
| 999 |
_c37072 _d37072 |
||